Giúp ôn tập tốt toán cao cấp đại số tuyến tính Dành cho sinh viên các trường đại học kỹ thuật

Đã lưu trong:
Sonraí Bibleagrafaíochta
Príomhúdar: Tống Đình Quỳ
Formáid: Leabhar
Clibeanna: Cuir Clib Leis
Gan Chlibeanna, Bí ar an gcéad duine leis an taifead seo a chlibeáil!
Thư viện lưu trữ: Mạng thư viện Đại học Đà Nẵng
LEADER 00704nam a2200205 4500
001 000008053
003 4234
005 20150812140856.0
008 111013s sd
100 0 |a Tống Đình Quỳ 
245 0 0 |a Giúp ôn tập tốt toán cao cấp đại số tuyến tính  |b Dành cho sinh viên các trường đại học kỹ thuật  |c Tống Đình Quỳ 
774 |a Tống Đình Quỳ  |b in lần thứ 4  |d H.  |d Đại học quốc gia  |d 2004  |g Tập 4  |h 230tr.  |w 4244 
OWN |a LSP 
999 |a From the UDN01 
TYP |a Monograph 
TYP |a Printed language 
980 |a Mạng thư viện Đại học Đà Nẵng